[Event "Rated Blitz game"]
[Site "?"]
[Date "2021.02.21"]
[Round "?"]
[White "AdmiralHabibi"]
[Black "annaly1979"]
[Result "1-0"]
[WhiteElo "2533"]
[BlackElo "2349"]
[PlyCount "113"]
[EventDate "2021.??.??"]
[EventType "blitz"]

1. e4 e5 2. Nf3 d5 3. d3 dxe4 4. dxe4 Qxd1+ 5. Kxd1 Bg4 6. Nbd2 Bc5 7. Ke1 Nc6
8. c3 f6 9. h3 Bh5 10. Bc4 Nge7 11. a4 a6 12. b4 Bb6 13. Ke2 O-O-O 14. Nf1 Bg6
15. Ng3 Nd5 16. Bxd5 Rxd5 17. exd5 Ne7 18. Be3 Nxd5 19. Bxb6 cxb6 20. Rac1 Nf4+
21. Kf1 Bd3+ 22. Kg1 h5 23. Kh2 h4 24. Nf1 Be4 25. Ne3 g5 26. Ng4 Rf8 27. Rhe1
Bc6 28. Rcd1 Kc7 29. a5 bxa5 30. bxa5 Rf7 31. Rd2 Rf8 32. Red1 Rf7 33. Nh6 Rh7
34. Nf5 g4 35. hxg4 h3 36. g3 Bxf3 37. gxf4 Bxg4 38. Ne3 Bxd1 39. Rxd1 exf4 40.
Nd5+ Kc6 41. Nxf4 Rh4 42. Kg3 Rh6 43. Nxh3 Rh5 44. Re1 Kd6 45. Re6+ Kd7 46.
Rxf6 Rxa5 47. f4 Rc5 48. f5 Rxc3+ 49. Kg4 a5 50. Rb6 Kc7 51. Rb1 a4 52. f6 Kd6
53. Ng5 Rc2 54. f7 Rf2 55. Rxb7 a3 56. Nf3 Rg2+ 57. Kf4 {Normal} 1-0

[Event "Rated Blitz game"]
[Site "?"]
[Date "2021.02.21"]
[Round "?"]
[White "Viktor_Ten"]
[Black "ALJoNDro76"]
[Result "1-0"]
[WhiteElo "2424"]
[BlackElo "2432"]
[PlyCount "37"]
[EventDate "2021.??.??"]
[EventType "blitz"]

1. e4 e5 2. Nf3 d5 3. Nxe5 dxe4 4. Bc4 Qg5 5. d4 Qxg2 6. Bxf7+ Ke7 7. Rf1 Nc6
8. Bxg8 Rxg8 9. Qh5 Be6 10. Bg5+ Kd6 11. Nc3 Nxd4 12. O-O-O c5 13. Be3 Kc7 14.
Bxd4 cxd4 15. Nb5+ Kb6 16. Nxd4 Bh3 17. Nc4+ Kc7 18. Nb5+ Kc8 19. Qe8# {Normal}
1-0

[Event "Rated Blitz game"]
[Site "?"]
[Date "2021.02.21"]
[Round "?"]
[White "VladislavKrasikov_FM"]
[Black "KamranShirazi"]
[Result "0-1"]
[WhiteElo "2550"]
[BlackElo "2485"]
[PlyCount "50"]
[EventDate "2021.??.??"]
[EventType "blitz"]

1. e4 e5 2. Nf3 d5 3. exd5 e4 4. Qe2 f5 5. d3 Nf6 6. Nc3 Bb4 7. Bd2 O-O 8.
O-O-O exf3 9. Qxf3 Bxc3 10. Bxc3 Nxd5 11. d4 Nxc3 12. Bc4+ Kh8 13. Qxc3 Qf6 14.
h3 Nd7 15. g4 Nb6 16. Bb3 c6 17. f4 fxg4 18. hxg4 Qxf4+ 19. Kb1 Bxg4 20. Rdg1
Nd5 21. Qe1 h6 22. c4 Ne3 23. Ka1 Bf5 24. Rh4 Bg4 25. Bd1 Bxd1 {Normal} 0-1

[Event "Rated Blitz game"]
[Site "?"]
[Date "2021.02.21"]
[Round "?"]
[White "darkLAW07"]
[Black "KamranShirazi"]
[Result "0-1"]
[WhiteElo "2358"]
[BlackElo "2459"]
[PlyCount "128"]
[EventDate "2021.??.??"]
[EventType "blitz"]

1. e4 e5 2. Nf3 d5 3. d3 dxe4 4. dxe4 Qxd1+ 5. Kxd1 Nc6 6. Bb5 Bd7 7. Bxc6 Bxc6
8. Nxe5 Bxe4 9. f3 O-O-O+ 10. Bd2 Bd5 11. Nc3 Be6 12. Re1 Nf6 13. Ke2 Bd6 14.
Nd3 Bxh2 15. Kf2 Bd6 16. Nb5 a6 17. Nxd6+ Rxd6 18. Bf4 Rd4 19. Be5 Rd5 20. Bxf6
gxf6 21. Re2 Bf5 22. Nf4 Rd4 23. g3 h5 24. Rae1 h4 25. Re8+ Rxe8 26. Rxe8+ Kd7
27. Re2 hxg3+ 28. Kxg3 Ra4 29. a3 Rc4 30. Rd2+ Kc6 31. c3 b5 32. Nd5 Be6 33.
Nxf6 a5 34. Ne4 b4 35. axb4 axb4 36. b3 bxc3 37. Rc2 Rb4 38. Rxc3+ Kb6 39. Nc5
Bd5 40. f4 c6 41. Kg4 Kb5 42. Kf5 Rd4 43. Ke5 Rd1 44. f5 Kb4 45. Rc2 Re1+ 46.
Kf6 Rf1 47. Kg5 Ka3 48. Re2 Rc1 49. Nd7 Kxb3 50. Ne5 Rf1 51. Kf6 Kc3 52. Rh2
Kd4 53. Rh5 Be4 54. Nxf7 c5 55. Ke6 c4 56. f6 c3 57. Rh8 Bd5+ 58. Ke7 Re1+ 59.
Ne5 Rxe5+ 60. Kd7 Rf5 61. Ke7 Re5+ 62. Kd7 c2 63. Rc8 Be6+ 64. Ke7 Bxc8+ {
Normal} 0-1

[Event "Rated Blitz game"]
[Site "?"]
[Date "2021.02.21"]
[Round "?"]
[White "nunak2"]
[Black "Schachelite"]
[Result "1-0"]
[WhiteElo "2305"]
[BlackElo "2424"]
[PlyCount "105"]
[EventDate "2021.??.??"]
[EventType "blitz"]

1. e4 e5 2. Nf3 d5 3. exd5 e4 4. Qe2 Nf6 5. Nc3 Be7 6. Nd4 O-O 7. g3 Re8 8. Bg2
Nxd5 9. O-O Bf6 10. Nb3 Nxc3 11. dxc3 Bf5 12. Bf4 Nc6 13. Rad1 Qe7 14. Nd4 Nxd4
15. cxd4 Rad8 16. Qc4 c6 17. c3 g5 18. Bc1 h6 19. Rfe1 Qd7 20. Qa4 a6 21. b3
Kg7 22. Ba3 Qd5 23. Bc5 Qd7 24. Bb6 Rc8 25. Qc4 Bg4 26. Rc1 Bf3 27. Bxf3 exf3
28. Qd3 Qg4 29. h3 Qxh3 30. Qxf3 Qd7 31. Kg2 Rxe1 32. Rxe1 Re8 33. Re4 Rxe4 34.
Qxe4 Qd5 35. f3 Qd7 36. c4 Be7 37. g4 Qe6 38. Qxe6 fxe6 39. f4 gxf4 40. Kf3 Bg5
41. Bc7 Kf6 42. Be5+ Kg6 43. Bxf4 Kf6 44. Bc7 Ke7 45. Ke4 Kd7 46. Be5 Bc1 47.
Bg7 Bd2 48. a3 Bc1 49. a4 b5 50. cxb5 axb5 51. a5 b4 52. Bf8 Kc7 53. Bxb4 {
Time forfeit} 1-0

[Event "Rated Blitz game"]
[Site "?"]
[Date "2021.02.21"]
[Round "?"]
[White "X_B_CTAKAHE"]
[Black "CristianS27"]
[Result "0-1"]
[WhiteElo "2383"]
[BlackElo "2423"]
[PlyCount "22"]
[EventDate "2021.??.??"]
[EventType "blitz"]

1. e4 e5 2. Nf3 d5 3. Nxe5 dxe4 4. Bc4 Qg5 5. Nxf7 Qxg2 6. Rf1 Bg4 7. Nxh8 Bxd1
8. Bxg8 Nc6 9. Bxh7 Nd4 10. Na3 Nf3+ 11. Kxd1 Qxf1# {Normal} 0-1

[Event "Rated Blitz game"]
[Site "?"]
[Date "2021.02.21"]
[Round "?"]
[White "RomChartres"]
[Black "KamranShirazi"]
[Result "1-0"]
[WhiteElo "2442"]
[BlackElo "2467"]
[PlyCount "71"]
[EventDate "2021.??.??"]
[EventType "blitz"]

1. e4 e5 2. Nf3 d5 3. d4 dxe4 4. Nxe5 Nd7 5. Nxd7 Bxd7 6. Nc3 f5 7. f3 Bd6 8.
g3 Qe7 9. fxe4 fxe4 10. Be3 O-O-O 11. Qd2 Bg4 12. Be2 Bf3 13. Bxf3 exf3 14. O-O
Rf8 15. Rae1 Qd7 16. Ne4 Nh6 17. Bxh6 gxh6 18. Qxh6 Rhg8 19. Nxd6+ Qxd6 20.
Qxd6 cxd6 21. Re3 Rf4 22. c3 h5 23. Rfxf3 Rxf3 24. Rxf3 h4 25. Kg2 hxg3 26.
hxg3 Re8 27. g4 Kd7 28. Kg3 Re2 29. Rf2 Re1 30. Kf4 Ke6 31. Kg5 Rg1 32. Kh5
Rh1+ 33. Kg6 Kd5 34. Re2 Kc4 35. g5 Kd3 36. Rg2 {Normal} 1-0

[Event "Rated Blitz game"]
[Site "?"]
[Date "2021.02.21"]
[Round "?"]
[White "tokio1234"]
[Black "UkkuBukkaku"]
[Result "0-1"]
[WhiteElo "2448"]
[BlackElo "2427"]
[PlyCount "112"]
[EventDate "2021.??.??"]
[EventType "blitz"]

1. e4 e5 2. Nf3 d5 3. exd5 e4 4. Nd4 Nf6 5. Bb5+ c6 6. dxc6 bxc6 7. Nxc6 Qb6 8.
Nd4+ Nbd7 9. Bxd7+ Bxd7 10. Ne2 Bd6 11. Nbc3 O-O 12. Ng3 Ng4 13. O-O f5 14. d3
Bxg3 15. hxg3 Qg6 16. f3 Qb6+ 17. d4 exf3 18. gxf3 Nf6 19. Be3 Qxb2 20. Qd3
Rac8 21. Bd2 Qb8 22. Kg2 Nh5 23. Be1 f4 24. g4 Nf6 25. Bh4 Qc7 26. Bxf6 Rxf6
27. Ne4 Qxc2+ 28. Qxc2 Rxc2+ 29. Rf2 Rfc6 30. d5 R6c4 31. Rb1 Rxf2+ 32. Nxf2
Rd4 33. Rb7 Rxd5 34. Rxa7 Bb5 35. Ra8+ Kf7 36. Rb8 h6 37. Ne4 Bd3 38. Rb7+ Kg8
39. Rb6 Bxe4 40. fxe4 Rd3 41. Rb7 Rg3+ 42. Kf2 Rxg4 43. Rb8+ Kh7 44. a4 Rg3 45.
a5 Ra3 46. Rb5 Ra4 47. e5 Ra3 48. e6 Ra4 49. e7 Ra2+ 50. Kf3 Ra3+ 51. Kxf4 Ra4+
52. Ke5 Ra2 53. Kd6 Rd2+ 54. Kc7 Re2 55. Kd8 Rf2 56. e8=Q Rd2+ {Time forfeit}
0-1

[Event "Rated Blitz game"]
[Site "?"]
[Date "2021.02.21"]
[Round "?"]
[White "vovasev"]
[Black "Chesspirate_Channel"]
[Result "0-1"]
[WhiteElo "2420"]
[BlackElo "2382"]
[PlyCount "32"]
[EventDate "2021.??.??"]
[EventType "blitz"]

1. e4 e5 2. Nf3 d5 3. Nxe5 Bd6 4. d4 dxe4 5. Bc4 Bxe5 6. Qh5 Qe7 7. dxe5 g6 8.
Qg5 Nc6 9. Qxe7+ Ngxe7 10. Bf4 Nd4 11. Na3 Be6 12. Bxe6 Nxe6 13. Bg3 O-O-O 14.
O-O h5 15. Bh4 g5 16. Bg3 h4 {Normal} 0-1

[Event "Rated Blitz tournament ZBJS4jbS"]
[Site "?"]
[Date "2021.02.21"]
[Round "?"]
[White "firetricks"]
[Black "KappaGolden"]
[Result "1-0"]
[WhiteElo "2405"]
[BlackElo "2328"]
[PlyCount "175"]
[EventDate "2021.??.??"]
[EventType "blitz"]

1. e4 e5 2. Nf3 d5 3. exd5 e4 4. Qe2 Nf6 5. Nc3 Be7 6. Nxe4 Nxd5 7. d3 O-O 8.
Qd1 Nc6 9. Be2 f5 10. Ng3 g6 11. O-O Re8 12. d4 Bf6 13. Bc4 Kh8 14. c3 Be6 15.
Re1 Qd7 16. Bg5 Bg7 17. Ne5 Nxe5 18. dxe5 Nb6 19. Bxe6 Rxe6 20. f4 h6 21. Bh4
Qb5 22. Qc2 Nd5 23. Ne2 Qb6+ 24. Bf2 Qa6 25. g3 Rd8 26. Nd4 Ree8 27. a3 c5 28.
Nf3 b6 29. Rad1 Qb7 30. Nh4 Ne7 31. Ng2 Nd5 32. c4 Ne7 33. Ne3 Qf3 34. Qe2 Qe4
35. Nd5 Qxe2 36. Rxe2 Nc6 37. Red2 Na5 38. Ne3 Rxd2 39. Rxd2 Re7 40. Rd8+ Kh7
41. Nd5 Rb7 42. e6 Nc6 43. Rd7 Rxd7 44. exd7 Bxb2 45. a4 Kg7 46. g4 fxg4 47.
Bh4 Bd4+ 48. Kg2 Kf7 49. d8=Q Nxd8 50. Bxd8 Ke6 51. Kg3 h5 52. Bg5 Kf5 53. Nc7
Ke4 54. Nb5 Kd3 55. Nxa7 Kxc4 56. Bd8 Kb4 57. Bxb6 Kxa4 58. Nc6 Bg1 59. Ne5 Kb5
60. Ba7 Ka6 61. Bb8 Kb5 62. Nxg6 c4 63. Be5 Kb4 64. f5 c3 65. Bxc3+ Kxc3 66. f6
Bc5 67. f7 Bd6+ 68. Kh4 Kd4 69. f8=Q Bxf8 70. Nxf8 Ke4 71. Kg3 Kf5 72. Nd7 Kg5
73. Ne5 h4+ 74. Kg2 Kf4 75. Nd3+ Ke4 76. Nf2+ Kf4 77. Nd3+ Ke4 78. Ne1 Kf4 79.
Nc2 Ke4 80. Ne1 Kf4 81. Kf1 Ke3 82. Ng2+ Ke4 83. Nxh4 Kf4 84. Kg2 Ke4 85. Kg3
Ke3 86. Kxg4 Ke4 87. h3 Ke5 88. Nf3+ {Normal} 1-0

[Event "Rated Blitz game"]
[Site "?"]
[Date "2021.02.21"]
[Round "?"]
[White "Machinegunusa"]
[Black "UkkuBukkaku"]
[Result "1-0"]
[WhiteElo "2518"]
[BlackElo "2432"]
[PlyCount "49"]
[EventDate "2021.??.??"]
[EventType "blitz"]

1. e4 e5 2. Nf3 d5 3. d4 dxe4 4. Nxe5 Bd6 5. Qh5 Qe7 6. Bc4 Bxe5 7. dxe5 g6 8.
Qe2 Nc6 9. Qxe4 Qxe5 10. Nc3 Bf5 11. Qxe5+ Nxe5 12. Bb3 Ne7 13. Bg5 N7c6 14.
O-O-O O-O 15. h3 Kg7 16. f4 f6 17. Bh4 Nf7 18. g4 Bc8 19. Nb5 Na5 20. Nxc7
Nxb3+ 21. axb3 Rb8 22. Rhe1 g5 23. Bg3 h5 24. Ne8+ Kh6 25. fxg5+ {Normal} 1-0

[Event "Rated Blitz game"]
[Site "?"]
[Date "2021.02.21"]
[Round "?"]
[White "hima_saber80"]
[Black "Fantastic_power06"]
[Result "0-1"]
[WhiteElo "2479"]
[BlackElo "2549"]
[PlyCount "66"]
[EventDate "2021.??.??"]
[EventType "blitz"]

1. e4 e5 2. Nf3 d5 3. exd5 e4 4. Qe2 Nf6 5. Nc3 Be7 6. Nxe4 O-O 7. d3 Re8 8.
Bd2 Nxd5 9. O-O-O f5 10. Nc3 Nxc3 11. bxc3 Ba3+ 12. Kb1 Rxe2 13. Bxe2 Nc6 14.
d4 Be6 15. Ng5 Nxd4 16. Nxe6 Nxe6 17. Bc4 Qd6 18. Rhe1 Re8 19. Be3 Qc6 20. Bb3
Qxc3 21. Bd4 Qc6 22. Re2 Kf8 23. Rde1 Nxd4 24. Rxe8+ Qxe8 25. Rxe8+ Kxe8 26.
Bg8 Kf8 27. Bxh7 Kf7 28. h4 g6 29. h5 gxh5 30. c3 Kg7 31. cxd4 Kxh7 32. g3 f4
33. gxf4 h4 {Normal} 0-1

[Event "Rated Blitz game"]
[Site "?"]
[Date "2021.02.21"]
[Round "?"]
[White "ljdr"]
[Black "ALJoNDro76"]
[Result "1-0"]
[WhiteElo "2431"]
[BlackElo "2404"]
[PlyCount "55"]
[EventDate "2021.??.??"]
[EventType "blitz"]

1. e4 e5 2. Nf3 d5 3. exd5 e4 4. Qe2 Nf6 5. d3 Qxd5 6. Nbd2 Be6 7. Nxe4 Nbd7 8.
Bd2 O-O-O 9. Nc3 Qa5 10. Qd1 Bg4 11. Be2 Re8 12. O-O Bd6 13. h3 Bh5 14. Ne4 Qb6
15. Be3 Qc6 16. b4 Nxe4 17. dxe4 Qxe4 18. Ng5 Bxe2 19. Nxe4 Bxd1 20. Nxd6+ cxd6
21. Rfxd1 Kc7 22. Rd3 b6 23. Rad1 Re6 24. Rxd6 Rxd6 25. Bf4 Re8 26. Rxd6 Re1+
27. Kh2 Nf6 28. Rd1+ {Normal} 1-0

[Event "Rated Blitz game"]
[Site "?"]
[Date "2021.02.21"]
[Round "?"]
[White "JoeFr"]
[Black "annaly1979"]
[Result "1-0"]
[WhiteElo "2525"]
[BlackElo "2352"]
[PlyCount "57"]
[EventDate "2021.??.??"]
[EventType "blitz"]

1. e4 e5 2. Nf3 d5 3. exd5 e4 4. Qe2 f5 5. d3 Nf6 6. Bg5 Be7 7. dxe4 fxe4 8.
Nfd2 O-O 9. Nc3 Bg4 10. Qc4 Kh8 11. h3 Bh5 12. g4 Bg6 13. O-O-O Nbd7 14. Bg2
Ne5 15. Qd4 Nf3 16. Bxf3 exf3 17. h4 c5 18. Qe3 Nxg4 19. Qxe7 Qa5 20. h5 Rae8
21. d6 Rxe7 22. dxe7 Re8 23. hxg6 h6 24. Nc4 Qc7 25. Rd8 Qc6 26. Rxe8+ Qxe8 27.
Rd1 hxg5 28. Rd8 Nf6 29. Nd6 {Normal} 1-0

[Event "Rated Blitz tournament o4TnWoy7"]
[Site "?"]
[Date "2021.02.21"]
[Round "?"]
[White "fisek92"]
[Black "Schachelite"]
[Result "0-1"]
[WhiteElo "2406"]
[BlackElo "2433"]
[PlyCount "84"]
[EventDate "2021.??.??"]
[EventType "blitz"]

1. e4 e5 2. Nf3 d5 3. Nxe5 Bd6 4. d4 dxe4 5. Nc4 Nf6 6. Nc3 O-O 7. Be2 Nc6 8.
Be3 Re8 9. h3 Ne7 10. g4 h6 11. g5 hxg5 12. Bxg5 c6 13. Bxf6 gxf6 14. Rg1+ Kf8
15. Qd2 Nf5 16. Nxd6 Qxd6 17. O-O-O Qh2 18. Bg4 e3 19. fxe3 Qxd2+ 20. Rxd2 Nxe3
21. Bxc8 Raxc8 22. h4 Ke7 23. Ne4 f5 24. Nc5 b6 25. Nd3 Kf6 26. Rf2 Re4 27. c3
Rxh4 28. b3 Re4 29. Kd2 c5 30. dxc5 bxc5 31. c4 Rd8 32. Kc3 Red4 33. Nxc5 Nd1+
34. Rxd1 Rxd1 35. b4 Kg5 36. a4 f4 37. a5 Kg4 38. b5 f3 39. b6 axb6 40. axb6
Kg3 41. Ne4+ Kf4 42. Nc5 Ke3 {Normal} 0-1

[Event "Rated Blitz game"]
[Site "?"]
[Date "2021.02.21"]
[Round "?"]
[White "ViktorSalkov"]
[Black "CristianS27"]
[Result "0-1"]
[WhiteElo "2315"]
[BlackElo "2440"]
[PlyCount "62"]
[EventDate "2021.??.??"]
[EventType "blitz"]

1. e4 e5 2. Nf3 d5 3. exd5 e4 4. Ne5 Qxd5 5. Nc4 Nf6 6. d4 exd3 7. Bxd3 Qxg2 8.
Qe2+ Be7 9. Rf1 Bh3 10. Qe3 Nc6 11. Bd2 O-O-O 12. Nc3 Qxh2 13. O-O-O Bxf1 14.
Rxf1 Kb8 15. f4 Rhe8 16. Qf3 Nd4 17. Qd1 h5 18. Ne5 Bc5 19. Nxf7 Rd7 20. Ne5
Rde7 21. Na4 Bd6 22. Ng6 Rd7 23. Bf5 Rdd8 24. Bd3 Qg2 25. Rg1 Qc6 26. Ne5 Qxa4
27. Kb1 Bxe5 28. fxe5 Rxe5 29. Rxg7 a6 30. Bf4 Rc5 31. c3 Qxd1+ {Normal} 0-1

[Event "Rated Blitz game"]
[Site "?"]
[Date "2021.02.21"]
[Round "?"]
[White "ZhMS"]
[Black "FTR_BBC"]
[Result "1-0"]
[WhiteElo "2417"]
[BlackElo "2313"]
[PlyCount "73"]
[EventDate "2021.??.??"]
[EventType "blitz"]

1. e4 e5 2. Nf3 d5 3. Nc3 dxe4 4. Nxe4 Nf6 5. Nxf6+ Qxf6 6. d4 e4 7. Ne5 Nc6 8.
Bb5 Bd6 9. Nxc6 O-O 10. Ne5 c5 11. c3 cxd4 12. cxd4 Rd8 13. Qe2 a6 14. Bc4 Bxe5
15. dxe5 Qxe5 16. O-O b5 17. Bb3 Bb7 18. Be3 Rf8 19. Qg4 Kh8 20. Qf4 Qe7 21.
Rac1 Rac8 22. Rxc8 Bxc8 23. Rc1 Qb7 24. Qc7 Qa8 25. Bc5 e3 26. Bxf8 exf2+ 27.
Kxf2 Bh3 28. gxh3 Qe4 29. Qg3 Qd4+ 30. Kf1 Qf6+ 31. Kg1 Qd4+ 32. Qf2 Qd8 33.
Qxf7 Qg5+ 34. Kf2 Qd2+ 35. Kg3 Qg5+ 36. Kf3 Qh5+ 37. Qxh5 {Normal} 1-0

[Event "Rated Blitz tournament wSahRcXR"]
[Site "?"]
[Date "2021.02.21"]
[Round "?"]
[White "LANATER2020"]
[Black "Kaldas90"]
[Result "0-1"]
[WhiteElo "2438"]
[BlackElo "2555"]
[PlyCount "176"]
[EventDate "2021.??.??"]
[EventType "blitz"]

1. e4 e5 2. Nf3 d5 3. d3 dxe4 4. dxe4 Qxd1+ 5. Kxd1 f6 6. Nfd2 Bc5 7. f3 Be6 8.
Nb3 Bb6 9. Nc3 Ne7 10. Bd3 Nbc6 11. Ke2 O-O-O 12. Rd1 g5 13. Be3 h5 14. Bxb6
axb6 15. Bb5 Ng6 16. Bxc6 bxc6 17. Rxd8+ Kxd8 18. g3 h4 19. g4 Nf4+ 20. Ke3 Ke7
21. Rd1 Bc4 22. Nd2 Ba6 23. a4 Rd8 24. Nb3 Ra8 25. Nd2 Ke6 26. b4 Bc8 27. Nc4
Ke7 28. a5 Be6 29. Nd2 bxa5 30. Ra1 a4 31. Rxa4 Rb8 32. Ne2 Nxe2 33. Kxe2 Kd6
34. c3 c5 35. Ra6+ c6 36. bxc5+ Kxc5 37. Ra7 Rb2 38. Re7 Kd6 39. Re8 Ra2 40.
Rf8 Ke7 41. Rb8 Ra1 42. Rb1 Ra2 43. Kd3 Kd6 44. Rb8 Ra1 45. Rb1 Ra2 46. Rb8 Kc5
47. Rf8 Ra1 48. Rxf6 Kd6 49. Rg6 Rh1 50. Rxg5 Rxh2 51. Rh5 h3 52. g5 Ke7 53.
Ke3 Rg2 54. Rh7+ Kf8 55. Rh6 Kf7 56. Rh7+ Kf8 57. Rh6 Ke7 58. Rh7+ Kd6 59. Rh5
c5 60. Nf1 Bc4 61. f4 exf4+ 62. Kxf4 Bxf1 63. Rxh3 Bc4 64. Rh6+ Be6 65. g6 c4
66. e5+ Kd5 67. Rh1 Rxg6 68. Rd1+ Kc5 69. Rd6 Bf7 70. Rxg6 Bxg6 71. Kg5 Be8 72.
Kf6 Kd5 73. e6 Ba4 74. Kf7 Ke4 75. e7 Kd3 76. e8=Q Bxe8+ 77. Kxe8 Kxc3 78. Kd7
Kd3 79. Kd6 c3 80. Kd5 c2 81. Ke5 c1=Q 82. Kd5 Qc4+ 83. Ke5 Qd4+ 84. Ke6 Kc4
85. Ke7 Kd5 86. Kd7 Qg7+ 87. Kc8 Kc6 88. Kb8 Qb7# {Normal} 0-1

[Event "Rated Blitz game"]
[Site "?"]
[Date "2021.02.21"]
[Round "?"]
[White "GropingQ"]
[Black "DroJoN"]
[Result "1-0"]
[WhiteElo "2416"]
[BlackElo "2403"]
[PlyCount "125"]
[EventDate "2021.??.??"]
[EventType "blitz"]

1. e4 e5 2. Nf3 d5 3. d3 dxe4 4. dxe4 Qxd1+ 5. Kxd1 Nc6 6. Bb5 Bd7 7. Bxc6 Bxc6
8. Nfd2 O-O-O 9. Ke2 g6 10. f3 f5 11. a3 Nf6 12. Nc3 Bh6 13. exf5 gxf5 14. Nc4
Bxc1 15. Raxc1 Rhe8 16. Rcd1 e4 17. f4 Nd5 18. Nxd5 Bxd5 19. Ne5 Rd6 20. Ke3
Be6 21. Rd2 Red8 22. Rhd1 a6 23. g3 b5 24. c3 Rxd2 25. Rxd2 Rxd2 26. Kxd2 Kb7
27. b4 Kb6 28. Ke3 c5 29. h3 cxb4 30. cxb4 a5 31. Kd4 axb4 32. axb4 h5 33. Ng6
Kc6 34. Nf8 Kd6 35. Nh7 Bf7 36. Ng5 Be8 37. g4 hxg4 38. hxg4 fxg4 39. Nxe4+ Ke6
40. Ng3 Kf6 41. Kd5 Bf7+ 42. Kd6 Bc4 43. Kc5 Bd3 44. Kd5 Bc4+ 45. Kd4 Ke6 46.
Ke4 Bd5+ 47. Kd4 Bc4 48. f5+ Kf6 49. Ke4 Kg5 50. Ke5 Kh4 51. Kf4 Kh3 52. f6 Bf7
53. Ne4 Bg6 54. Ng5+ Kh4 55. f7 Bxf7 56. Nxf7 g3 57. Ng5 g2 58. Nf3+ Kh3 59.
Ke3 Kg3 60. Ng1 Kh2 61. Kf2 Kh1 62. Ne2 Kh2 63. Ng1 {Time forfeit} 1-0

[Event "Rated Blitz game"]
[Site "?"]
[Date "2021.02.21"]
[Round "?"]
[White "SchwarzWolf"]
[Black "jflup"]
[Result "0-1"]
[WhiteElo "2416"]
[BlackElo "2457"]
[PlyCount "56"]
[EventDate "2021.??.??"]
[EventType "blitz"]

1. e4 e5 2. Nf3 d5 3. Bb5+ c6 4. Bd3 dxe4 5. Bxe4 f5 6. Bd3 e4 7. Qe2 Be7 8.
Bxe4 fxe4 9. Qxe4 Nf6 10. Qe2 O-O 11. O-O Bg4 12. Qc4+ Qd5 13. Qc3 Bxf3 14.
gxf3 Bd6 15. d4 Qh5 16. f4 Nbd7 17. Kh1 Nd5 18. Qb3 Kh8 19. Nd2 Bxf4 20. h3 Ne3
21. Qe6 Nxf1 22. Nxf1 Qf3+ 23. Kg1 Rae8 24. Qxd7 Bh2+ 25. Kxh2 Qxf2+ 26. Kh1
Qxf1+ 27. Kh2 Qf2+ 28. Kh1 Re1# {Normal} 0-1

[Event "Rated Blitz game"]
[Site "?"]
[Date "2021.02.20"]
[Round "?"]
[White "trotz82"]
[Black "ALJoNDro76"]
[Result "0-1"]
[WhiteElo "2242"]
[BlackElo "2408"]
[PlyCount "34"]
[EventDate "2021.??.??"]
[EventType "blitz"]

1. e4 e5 2. Nf3 d5 3. exd5 e4 4. Ne5 Qxd5 5. d4 exd3 6. Nxd3 Bf5 7. Nc3 Qe6+ 8.
Be2 Nc6 9. O-O O-O-O 10. Be3 Nf6 11. Re1 Bd6 12. Bf3 Qd7 13. h3 h6 14. Qe2 Rhe8
15. Rad1 Nd4 16. Qf1 Nxf3+ 17. gxf3 Bxh3 {Normal} 0-1

[Event "Rated Blitz game"]
[Site "?"]
[Date "2021.02.20"]
[Round "?"]
[White "THOR80"]
[Black "sloppydogg"]
[Result "1-0"]
[WhiteElo "2337"]
[BlackElo "2519"]
[PlyCount "89"]
[EventDate "2021.??.??"]
[EventType "blitz"]

1. e4 e5 2. Nf3 d5 3. Nxe5 Bd6 4. d4 dxe4 5. Be2 Bxe5 6. dxe5 Qxd1+ 7. Bxd1 Nc6
8. Bf4 Nge7 9. Bh5 Bf5 10. Nc3 Bg6 11. Be2 O-O-O 12. O-O Nd5 13. Nxd5 Rxd5 14.
Bc4 Rc5 15. Bb3 Nxe5 16. Rad1 Nc6 17. Rfe1 Rd8 18. h3 Nd4 19. c3 Nxb3 20. axb3
Rcd5 21. Rxd5 Rxd5 22. Kf1 a5 23. Ra1 Rb5 24. Ra3 f6 25. c4 Rf5 26. Bd2 b6 27.
g4 Rf3 28. Kg2 Rd3 29. Be3 Bf7 30. h4 Kb7 31. g5 f5 32. Kg3 g6 33. Kf4 Kc6 34.
h5 Kd7 35. hxg6 hxg6 36. Ke5 Rd6 37. c5 Re6+ 38. Kf4 Kc6 39. cxb6 cxb6 40. b4
axb4 41. Ra7 Be8 42. Ra8 Kb5 43. Rb8 Kc4 44. Rxb6 Bb5 45. Rxe6 {Normal} 1-0

[Event "Rated Blitz tournament QKkhwyGJ"]
[Site "?"]
[Date "2021.02.20"]
[Round "?"]
[White "DMKey"]
[Black "batasjon"]
[Result "1-0"]
[WhiteElo "2436"]
[BlackElo "2346"]
[PlyCount "99"]
[EventDate "2021.??.??"]
[EventType "blitz"]

1. e4 e5 2. Nf3 d5 3. d4 dxe4 4. Nxe5 Bd6 5. Nc3 Nf6 6. Bg5 O-O 7. Bxf6 Qxf6 8.
Nxe4 Qe7 9. Bd3 Bxe5 10. dxe5 Qxe5 11. O-O Nc6 12. c3 Bf5 13. Qc2 Rfe8 14. Nf6+
Qxf6 15. Bxf5 g6 16. Be4 Re5 17. g3 Rae8 18. Bg2 Re2 19. Qa4 Rxb2 20. Rab1 Ree2
21. Rxb2 Rxb2 22. Qc4 Rc2 23. Qb5 Rxc3 24. Qxb7 Ne5 25. Qxa7 Kg7 26. a4 Rc2 27.
h3 c6 28. a5 c5 29. a6 Ra2 30. Bb7 Nd3 31. Bd5 Rxf2 32. Qxf7+ Qxf7 33. Bxf7
Rxf1+ 34. Kxf1 Ne5 35. a7 Kxf7 36. a8=Q Kf6 37. Qh8+ Kf5 38. Qxh7 Ke4 39. Qe7
Kd4 40. h4 c4 41. Qe8 c3 42. Qd8+ Ke3 43. Ke1 Nd3+ 44. Kd1 Nb2+ 45. Kc2 Nc4 46.
Kxc3 Ne5 47. Qd4+ Kf3 48. Qxe5 Kg4 49. Qg5+ Kh3 50. Qxg6 {Time forfeit} 1-0

[Event "Rated Blitz game"]
[Site "?"]
[Date "2021.02.20"]
[Round "?"]
[White "Phil_Hellmuth"]
[Black "ZhohoFF"]
[Result "1/2-1/2"]
[WhiteElo "2368"]
[BlackElo "2478"]
[PlyCount "73"]
[EventDate "2021.??.??"]
[EventType "blitz"]

1. e4 e5 2. Nf3 d5 3. exd5 e4 4. Qe2 f5 5. d3 Nf6 6. Nc3 Bb4 7. dxe4 fxe4 8.
Qb5+ c6 9. Qxb4 exf3 10. Be3 a5 11. Qb6 Qxb6 12. Bxb6 Nbd7 13. Bd4 c5 14. Bxf6
Nxf6 15. gxf3 O-O 16. O-O-O Ne8 17. d6 Bd7 18. Bc4+ Kh8 19. Rhe1 Rxf3 20. Bd5
Rxf2 21. Bxb7 Rb8 22. Ba6 h6 23. Re7 Nf6 24. Rg1 Bf5 25. Bd3 Bxd3 26. cxd3
Rbxb2 27. d7 Nxd7 28. Rxd7 Rfc2+ 29. Kd1 Rxc3 30. Rgxg7 Rcc2 31. Rh7+ Kg8 32.
Rhg7+ Kf8 33. Rgf7+ Ke8 34. Rfe7+ Kf8 35. Rf7+ Kg8 36. Rg7+ Kf8 37. Rgf7+ {
Normal} 1/2-1/2

[Event "Rated Blitz game"]
[Site "?"]
[Date "2021.02.20"]
[Round "?"]
[White "LeonBojo"]
[Black "jozzh21"]
[Result "0-1"]
[WhiteElo "2393"]
[BlackElo "2414"]
[PlyCount "100"]
[EventDate "2021.??.??"]
[EventType "blitz"]

1. e4 e5 2. Nf3 d5 3. Nxe5 dxe4 4. d4 Nd7 5. Nxd7 Bxd7 6. Be2 Nf6 7. O-O Bd6 8.
c4 c6 9. Nc3 O-O 10. Bg5 Re8 11. h3 h6 12. Be3 Bb8 13. d5 Qc7 14. d6 Qxd6 15.
Qxd6 Bxd6 16. Rfd1 Be5 17. Nxe4 Nxe4 18. Rxd7 Bxb2 19. Rb1 Nc5 20. Rd2 Ba3 21.
Bxc5 Bxc5 22. Rxb7 Rad8 23. Rxd8 Rxd8 24. Bf3 Rd2 25. Bxc6 Bxf2+ 26. Kh2 Bd4
27. Bd5 Be5+ 28. Kg1 Bd4+ 29. Kf1 Rf2+ 30. Ke1 Rf6 31. a4 g5 32. Kd2 Bc5 33.
Kd3 h5 34. Bf3 Rd6+ 35. Ke4 Rd4+ 36. Kf5 g4 37. hxg4 hxg4 38. Bd5 Rd2 39. Bxf7+
Kf8 40. Kxg4 Rxg2+ 41. Kf3 Rf2+ 42. Ke4 Rxf7 43. Rxf7+ Kxf7 44. Kd5 Bf2 45. Kc6
Ke7 46. c5 Kd8 47. a5 Kc8 48. a6 Be3 49. Kd6 Bd4 50. Kc6 Be3 {Time forfeit} 0-1

[Event "Rated Blitz game"]
[Site "?"]
[Date "2021.02.20"]
[Round "?"]
[White "Springer777"]
[Black "ALJoNDro76"]
[Result "0-1"]
[WhiteElo "2381"]
[BlackElo "2463"]
[PlyCount "56"]
[EventDate "2021.??.??"]
[EventType "blitz"]

1. e4 e5 2. Nf3 d5 3. Nc3 dxe4 4. Nxe5 Qd4 5. Nc4 Nc6 6. d3 Bb4 7. Bd2 Nf6 8.
Be2 Be6 9. Nb5 Qd7 10. O-O Bxc4 11. dxc4 Bxd2 12. Nxc7+ Qxc7 13. Qxd2 O-O 14.
Qg5 Qe5 15. Qh4 Qxb2 16. Rab1 Qxc2 17. Bg4 Nxg4 18. Qxg4 Rab8 19. h4 Qxc4 20.
h5 f5 21. Qg5 h6 22. Qf4 Qxa2 23. Rbd1 Qf7 24. Rd6 Qxh5 25. Rfd1 Rbd8 26. Rd7
Rxd7 27. Rxd7 Rf7 28. Rd6 Qg5 {Normal} 0-1